[Event "ESP-ch U14 rapid"]
[Site "Salobrena"]
[Date "2023.07.23"]
[Round "7"]
[White "Buzica Patrin, Teo Adrian"]
[Black "Diz Lorono, Irene"]
[Result "1-0"]
[WhiteElo "1540"]
[BlackElo "1342"]
[PlyCount "65"]
[EventDate "2023.07.22"]
[EventType "swiss (rapid)"]
[EventRounds "9"]
[EventCountry "ESP"]
[SourceTitle "EXT 2024"]
[Source "ChessBase"]
[SourceDate "2023.10.10"]
[SourceVersion "1"]
[SourceVersionDate "2023.10.10"]
[SourceQuality "1"]

1. e4 c5 2. Nf3 d6 3. d4 cxd4 4. Nxd4 Nf6 5. Nc3 g6 6. Be3 Bg7 7. f3 0-0 8. Bc4 Nc6 9. Qd2 Nd7 10. 0-0-0 Nb6 11. Bb3 Na5 12. Bh6 Nbc4 13. Qg5 Bf6 14. Qg3 Re8 15. h4 Bg7 16. Bxg7 Kxg7 17. h5 a6 18. Nd5 Nxb3+ 19. cxb3 Nb6 20. hxg6 hxg6 21. Nxb6 Qxb6 22. Qh4 Qc5+ 23. Kb1 Qh5 24. Qf4 e5 25. Qd2 Qxh1 26. Rxh1 exd4 27. Qxd4+ f6 28. Qxd6 Rf8 29. Qh2 Kf7 30. Qc7+ Ke6 31. Rh7 Re8 32. Qc4+ Kd6 33. Qd5# 1-0

[Event "ESP-ch U12"]
[Site "Salobrena"]
[Date "2021.07.08"]
[Round "6"]
[White "Buzica Patrin, Teo Adrian"]
[Black "Bartolome Benito, Alejandro"]
[Result "1-0"]
[WhiteElo "1632"]
[BlackElo "1449"]
[PlyCount "95"]
[EventDate "2021.07.05"]
[EventType "swiss"]
[EventRounds "9"]
[EventCountry "ESP"]
[SourceTitle "EXT 2022"]
[Source "ChessBase"]
[SourceDate "2021.10.06"]
[SourceVersion "1"]
[SourceVersionDate "2021.10.06"]
[SourceQuality "1"]

1. e4 c5 2. c3 d5 3. exd5 Qxd5 4. Nf3 Nc6 5. d4 Bg4 6. Be2 e6 7. Be3 cxd4 8. cxd4 Nf6 9. 0-0 Be7 10. Nc3 Qa5 11. Qb3 Qb4 12. Qxb4 Bxb4 13. Rac1 0-0 14. a3 Ba5 15. Rfd1 Rfd8 16. Na4 Rac8 17. Nc5 Rc7 18. Bf4 Re7 19. b4 Bb6 20. Nxb7 Rxb7 21. Rxc6 Bxf3 22. Bxf3 h6 23. Rxe6 Rbd7 24. Ree1 Bxd4 25. Be3 Bb2 26. Bxa7 Bxa3 27. b5 Bb4 28. Rf1 Kh7 29. Rxd7 Rxd7 30. b6 Bc5 31. Rc1 Rxa7 32. bxa7 Bxa7 33. Rc7 Bd4 34. Rxf7 Kg6 35. Rb7 Nh5 36. Bxh5+ Kxh5 37. g3 g5 38. Rd7 Bb6 39. h3 Bc5 40. Rg7 Bf8 41. Rg8 Bd6 42. Kg2 Be5 43. g4+ Kh4 44. Rg6 Bg7 45. Rxg7 h5 46. gxh5 g4 47. Rxg4+ Kxh5 48. f4 1-0

[Event "ESP-chT Regional U14"]
[Site "Gijon"]
[Date "2021.06.19"]
[Round "5.2"]
[White "Cayon Pelaez, Pablo"]
[Black "Buzica Patrin, Teo Adrian"]
[Result "0-1"]
[WhiteElo "1759"]
[BlackElo "1515"]
[PlyCount "72"]
[EventDate "2021.06.17"]
[EventType "team-swiss"]
[EventRounds "6"]
[EventCountry "ESP"]
[SourceTitle "EXT 2022"]
[Source "ChessBase"]
[SourceDate "2021.10.06"]
[SourceVersion "1"]
[SourceVersionDate "2021.10.06"]
[SourceQuality "1"]
[WhiteTeam "Valencia U14"]
[BlackTeam "Castilla La Mancha U14"]
[WhiteTeamCountry "ESP"]
[BlackTeamCountry "ESP"]

1. d4 d5 2. c4 e6 3. Nc3 Nf6 4. Nf3 Be7 5. Bf4 0-0 6. e3 b6 7. Rc1 Ba6 8. Qa4 Bd6 9. Bg5 c6 10. b3 Bb7 11. b4 dxc4 12. e4 Be7 13. Rb1 b5 14. Qc2 a5 15. bxa5 Qxa5 16. Bxf6 Bxf6 17. Bxc4 Ba6 18. Bd3 b4 19. Bxa6 Rxa6 20. Ne2 b3+ 21. Qc3 bxa2 22. Ra1 Qb5 23. Qc2 Qb4+ 24. Kf1 Qa4 25. Qd2 c5 26. e5 Be7 27. g3 Rd8 28. Qb2 cxd4 29. Nexd4 Nc6 30. Nxc6 Qxc6 31. Qe2 Ra3 32. Kg2 Rdd3 33. Rhc1 Qxf3+ 34. Qxf3 Rxf3 35. Rc8+ Bf8 36. Rxa2 Rxg3+ 0-1

[Event "Colmenarejo Autumn op 25th"]
[Site "Colmenarejo"]
[Date "2018.10.21"]
[Round "6"]
[White "Olmedo Aznar, Eduardo"]
[Black "Buzica Patrin, Teo Adrian"]
[Result "1-0"]
[WhiteElo "1707"]
[BlackElo "1358"]
[PlyCount "129"]
[EventDate "2018.09.16"]
[EventType "swiss"]
[EventRounds "7"]
[EventCountry "ESP"]
[SourceTitle "CBM 187 Extra"]
[Source "ChessBase"]
[SourceDate "2018.11.04"]
[SourceVersion "1"]
[SourceVersionDate "2018.11.04"]
[SourceQuality "1"]

1. e4 e5 2. Nf3 Nc6 3. Nc3 Bc5 4. Nxe5 Bxf2+ 5. Kxf2 Nxe5 6. d4 Ng6 7. Bc4 d6 8. Rf1 Nf6 9. Kg1 h6 10. Qd3 0-0 11. e5 dxe5 12. Nb5 c6 13. Qxg6 cxb5 14. Bxh6 Qxd4+ 15. Kh1 Qg4 16. Rxf6 Qxg6 17. Rxg6 Kh7 18. Rxg7+ Kxh6 19. Rxf7 Rxf7 20. Bxf7 Bf5 21. h3 Bxc2 22. Re1 e4 23. Bd5 Rb8 24. Rc1 Bd3 25. Kg1 b6 26. Kf2 Rd8 27. Bb7 Rf8+ 28. Ke3 Rg8 29. Rc6+ Kh5 30. g4+ Kh4 31. Rh6+ Kg3 32. Bxe4 Bxe4 33. Kxe4 Re8+ 34. Kd3 Rf8 35. Rh5 Rf3+ 36. Kc2 b4 37. g5 Rf5 38. h4 Kf4 39. Rh6 Ke5 40. Rf6 Rxf6 41. gxf6 Kxf6 42. Kb3 a5 43. Kc4 Kg6 44. Kb5 Kh5 45. Kxb6 Kxh4 46. Kxa5 Kg5 47. Kxb4 Kf6 48. Kc5 Ke7 49. Kc6 Kd8 50. Kb7 Kd7 51. a4 Kd6 52. a5 Kc5 53. a6 Kb4 54. a7 Kb3 55. a8Q Kxb2 56. Qa4 Kc3 57. Qe4 Kd2 58. Qf3 Kc2 59. Kc6 Kd2 60. Kc5 Kc2 61. Kc4 Kb2 62. Qc3+ Ka2 63. Qb4 Ka1 64. Kc3 Ka2 65. Qb2# 1-0

[Event "Colmenarejo Autumn op 25th"]
[Site "Colmenarejo"]
[Date "2018.09.23"]
[Round "2"]
[White "Centeno Mendoza, Julio Stefano"]
[Black "Buzica Patrin, Teo Adrian"]
[Result "1/2-1/2"]
[WhiteElo "1574"]
[BlackElo "1358"]
[PlyCount "75"]
[EventDate "2018.09.16"]
[EventType "swiss"]
[EventRounds "7"]
[EventCountry "ESP"]
[SourceTitle "CBM 187 Extra"]
[Source "ChessBase"]
[SourceDate "2018.11.04"]
[SourceVersion "1"]
[SourceVersionDate "2018.11.04"]
[SourceQuality "1"]

1. e4 e5 2. Nf3 Nc6 3. Bb5 a6 4. Ba4 Nf6 5. 0-0 d6 6. d3 Bd7 7. Bg5 Be7 8. Re1 0-0 9. Nbd2 h6 10. Bh4 Re8 11. c3 Nh7 12. Bxe7 Nxe7 13. Bxd7 Qxd7 14. Nc4 Qc6 15. Qd2 f5 16. exf5 Nxf5 17. Ne3 Rf8 18. d4 e4 19. d5 Qb6 20. Nxf5 exf3 21. Ne7+ Kh8 22. Ng6+ Kg8 23. Nxf8 Rxf8 24. gxf3 Ng5 25. Qe2 Nxf3+ 26. Kg2 Nxe1+ 27. Rxe1 Kh8 28. Rd1 Qb5 29. Qxb5 axb5 30. Re1 Kg8 31. Re7 Rf7 32. Re8+ Rf8 33. Rxf8+ Kxf8 34. h4 Kf7 35. Kg3 Kf6 36. Kf4 Kg6 37. Kg4 Kf6 38. Kf4 1/2-1/2